000 01013nam a22002777a 4500
005 20110923165942.0
008 110923t xxu||||| |||| 00| 0 eng d
010 _aENG-103845
020 _c895.00
_a8183243789
020 _c895.00
_a9788183243780
035 _aEN-87378
037 _bDBAD/PUB
040 _aDPL
_bEng
082 _a338.5024658
100 _934818
_aKuldeep Singh
245 _aManagerial Economics /
_cby Kuldeep Singh [and] Monica Bansal
260 _aNew Delhi
_bMittal Publications
_c2011
270 _a4594/9, Ansari Road, Darya Ganj
_bNew Delhi
_e110002
_k011-23250398
_l91-11-25351521
_mmittalp@ndf.vsnl.net.in
300 _axvi359p.
_c22cm (Hb)
500 _aIncludes index
650 _934827
651 _934820
700 _934830
_aBansal, Monica
942 _2ddc
_cEN
_mKUL
_h338.5024658
999 _c57005
_d57005